000 00883cam a2200241 a 4500
001 vtls003226530
003 MY-SjTCS
005 20200306165855.0
008 111114s2009 si a b 001 0 eng d
020 _a9780470822395 (pbk.)
020 _a0470822392 (pbk.)
039 9 _a201202141910
_bshuhada
_c201202141909
_dshuhada
_c201202141834
_dshuhada
_c201201301100
_dmalathy
_y201111141025
_zmalathy
043 _an-us-ma
082 0 4 _a650.0711744
_bCHA 2009
100 1 _aChan, Emily.
_957720
245 1 0 _aHarvard Business School confidential :
_bsecrets of success /
_cEmily Chan.
260 _aSingapore :
_bJohn Wiley & Sons (Asia),
_c2009.
300 _aviii, 230 p. :
_bill. ;
_c23 cm.
500 _aIncludes bibliographical references and index.
610 2 0 _aHarvard Business School.
_9274538
650 0 _aBusiness education
_zMassachusetts.
_932598
920 _aGENLS : 176397
999 _c58520